The stray dog : (Record no. 10858)
[ view plain ]
| 000 -LEADER | |
|---|---|
| fixed length control field | 00867cam a2200301 a 4500 |
| 003 - CONTROL NUMBER IDENTIFIER | |
| control field | DLC |
| 005 - DATE AND TIME OF LATEST TRANSACTION | |
| control field | 20241220105650.0 |
| 008 - FIXED-LENGTH DATA ELEMENTS--GENERAL INFORMATION | |
| fixed length control field | 990816s0001 nyua b 000 1 eng |
| 001 - CONTROL NUMBER | |
| control field | 99045404 |
| 010 ## - LIBRARY OF CONGRESS CONTROL NUMBER | |
| LC control number | 99045404 |
| 020 ## - INTERNATIONAL STANDARD BOOK NUMBER | |
| International Standard Book Number | 0060289333 |
| 020 ## - INTERNATIONAL STANDARD BOOK NUMBER | |
| International Standard Book Number | 0060289341 (lib. bdg) |
| 035 ## - SYSTEM CONTROL NUMBER | |
| System control number | (Sirsi) i9780060289331 |
| 040 ## - CATALOGING SOURCE | |
| Original cataloging agency | DLC |
| Transcribing agency | DLC |
| 042 ## - AUTHENTICATION CODE | |
| Authentication code | lcac |
| 050 00 - LIBRARY OF CONGRESS CALL NUMBER | |
| Classification number | PZ7.S6058 |
| Item number | St 2001 |
| 082 00 - DEWEY DECIMAL CLASSIFICATION NUMBER | |
| Classification number | [E] |
| Edition number | 21 |
| 082 ## - DEWEY DECIMAL CLASSIFICATION NUMBER | |
| Classification number | SIM |
| 092 ## - LOCALLY ASSIGNED DEWEY CALL NUMBER (OCLC) | |
| Classification number | SIM |
| 100 1# - MAIN ENTRY--PERSONAL NAME | |
| Personal name | Simont, Marc. |
| 9 (RLIN) | 5873 |
| 245 14 - TITLE STATEMENT | |
| Title | The stray dog : |
| Remainder of title | from a true story by Reiko Sassa / |
| Statement of responsibility, etc | retold and illustrated by Marc Simont. |
| 260 ## - PUBLICATION, DISTRIBUTION, ETC. (IMPRINT) | |
| Place of publication, distribution, etc | New York : |
| Name of publisher, distributor, etc | HarperCollins Publishers, |
| Date of publication, distribution, etc | 2001. |
| 300 ## - PHYSICAL DESCRIPTION | |
| Extent | [30] p. : |
| Other physical details | col. ill. ; |
| Dimensions | 28 cm. |
| 520 ## - SUMMARY, ETC. | |
| Summary, etc | A family befriends a stray dog, names him Willy, and decides to keep him. |
| 942 ## - ADDED ENTRY ELEMENTS (KOHA) | |
| Koha item type | BOOK |
| 979 ## - | |
| -- | 301553 |
| 998 ## - LOCAL CONTROL INFORMATION (RLIN) | |
| -- | a20521 |
| Withdrawn status | Lost status | Source of classification or shelving scheme | Damaged status | Not for loan | Collection code | Home library | Current library | Shelving location | Date acquired | Source of acquisition | Cost, normal purchase price | Total Checkouts | Total Renewals | Full call number | Barcode | Date last seen | Date checked out | Cost, replacement price | Price effective from | Koha item type |
|---|---|---|---|---|---|---|---|---|---|---|---|---|---|---|---|---|---|---|---|---|
| Dewey Decimal Classification | Children Caldecott Award | Wasatch County Library | Wasatch County Library | Main Floor Childrens Area | 08/29/2016 | Amazon | 16.99 | 69 | 29 | E Sim | 34301001327008 | 02/10/2026 | 01/23/2026 | 16.99 | 03/20/2020 | BOOK |
